00714nam a2200157Ia 4500008004100000100002500041245008800066245016200154260005300316260000900369300001000378650001500388856006100403999001900464952007300483170221s9999 xx 000 0 und d aDiana N. Davletbaeva 4aThe Model of Formation of Patriotism at Schoolchildren by Means of Folk Pedagogics  cDiana N. Davletbaeva, Elena L. Iakovleva, Diana F. Kajumova, Anna A. Karimova, Aida G. Sadykova, Elena V. Shvetsova, Elmira M. Vildanova, Dariya Z. Yarhamova bInternational Review of Management and Marketing c2017 a7 : 1 xMarketing. uhttp://www.econjournals.com/index.php/irmm/issue/view/71 c312375d312375 001040aCLbCLd2017-02-21l0r2017-02-21 00:00:00w2017-02-21yFOJ